Estadísticas para Prueba de Barbados

Haz click aquí para tomar la prueba!

Estadísticas generales

  • Esta prueba ha sido tomada 139 veces
  • La puntuación promedio es 10 de 14

Estadísticas de respuestas

PistaRespuesta% Correcto
Idioma oficialInglés
98%
Barbados es la isla más oriental de esta cadena{Antillas} Menores
98%
Arma representada en la bandera (un símbolo del dios Poseidón)Tridente
90%
Países más cercanosSanta Lucía
87%
Países más cercanosSan Vicente y las Granadinas
85%
CapitalBridgetown
79%
Cantante pop internacional de Barbados (nacida en 1988 como Robyn Fenty)Rihanna
79%
La industria que representa alrededor del 35% del PIB de BarbadosTurismo
79%
El deporte más popularCríquet
64%
Principal cultivo comercial de Barbados durante la época colonialAzúcar
60%
Barbados es el hogar de cuatro tipos de este animal: verde, caguama, carey y laúdTortuga marina
60%
Bebidas producidas por la compañía Mount Gay desde 1703Ron
57%
La isla está dividida en 11 de estas divisiones administrativas (comienza con P)Parroquias
49%
Fruta descubierta accidentalmente en Barbados que comienza con PPomelo
33%

Distribución de puntuación

Porcentaje por número respondido

Porcentaje de gente con cada puntuación

Historial de tus puntuaciones

No has tomado esta prueba